Top Selling Albums of the Year 1966 - 1988 - Statistics

General Stats
  • This quiz has been taken 139 times
  • The average score is 16 of 22
Answer Stats
Year Album Artist % Correct
1983 Thriller Michael Jackson
99%
1984 Thriller Michael Jackson
99%
1974 Goodbye Yellow Brick Road Elton John
97%
1975 E____ J___'s Greatest Hits Elton John
97%
1980 The Wall Pink Floyd
97%
1978 Saturday Night Fever Bee Gees
94%
1985 Born in the USA Bruce Springsteen
94%
1988 Faith George Michael
94%
1977 Rumours Fleetwood Mac
92%
1970 Bridge Over Troubled Water Simon and Garfunkel
89%
1968 Are You Experienced? The Jimi Hendrix Experience
81%
1987 Slippery When Wet Bon Jovi
76%
1972 Harvest Neil Young
71%
1986 W______ H______ Whitney Houston
67%
1979 52nd Street Billy Joel
63%
1976 F______ Comes Alive Peter Frampton
56%
1969 In-A-Gadda-Da-Vida Iron Butterfly
51%
1967 More of the M______ The Monkees
50%
1981 Hi Infidelity REO Speedwagon
36%
1966 Whipped Cream & Other Delights Herb Alpert & The Tijuana Brass
20%
1973 The World is a Ghetto War
16%
1982 A___ Asia
15%
No matching quizzes found
Score Distribution
Percent of People with Each Score
Percentile by Number Answered
Your Score History
You have not taken this quiz